00270nam a22001097a 4500020001800000082001400018100001400032245005500046260002400101300000800125650002700133 a9780712629638 a294.35677 aDalaiLama aStages of Meditation: Training the Mind for Wisdom aLondonbRIDERc2002 a162 aBuddhism - Sprituality